Normal view
MARC view
- Basanta Kumar
Entry Corporate Name
001 - CONTROL NUMBER
- control field: 125195
003 - CONTROL NUMBER IDENTIFIER
- control field: NUST
005 - DATE AND TIME OF LATEST TRANSACTION
- control field: 20240819121329.0
008 - FIXED-LENGTH DATA ELEMENTS
- fixed length control field: 240819|| aca||aabn | a|a d
040 ## - CATALOGING SOURCE
- Original cataloging agency: NUST
- Transcribing agency: NUST
110 ## - HEADING--CORPORATE NAME
- Corporate name or jurisdiction name as entry element: Basanta Kumar
670 ## - SOURCE DATA FOUND
- Source citation: Work cat.: (NUST): V. Venkateswara Rao 125194, Total Quality Management, 2001.
